| 000 | 00757nam a22002177a 4500 | ||
|---|---|---|---|
| 999 |
_c58812 _d58812 |
||
| 005 | 20221105213938.0 | ||
| 008 | 220916s2018 enk||||| |||| 00| 0 eng d | ||
| 020 | _a9789388902717 1 | ||
| 041 | _aeng | ||
| 080 | _a612 H-88 | ||
| 245 |
_aCC Chatterjee's Human Physiology : _bVolume 1 / _cEdited by Nitin Ashok John. |
||
| 250 | _aThirteenth edition | ||
| 264 |
_aNew Delhi : _b CBS Publishers & Distributors Pvt Ltd, _c2018. |
||
| 300 |
_a110 p. : _bill.; _c28 cm. |
||
| 653 | _aადამიანის ფიზიოლოგია | ||
| 653 | _aФизиология человека | ||
| 653 | _aმედიცინა | ||
| 653 | _aмедицина | ||
| 700 |
_aNitin, Ashok John _eრედაქტორი _914614 |
||
| 942 |
_2udc _cBK |
||